| 000 | 00814nam a2200217Ia 4500 | ||
|---|---|---|---|
| 008 | 0000001983 sp a 0000000000fre00 | ||
| 020 | _a840210119X | ||
| 090 | _aPSW00 X87l | ||
| 100 | 1 | _aXuriguera, Gérard | |
| 245 | 1 | 0 |
_aLindstrom _b: la fièvre et le feu _c/ Gérard xuriguera ; traductions Román de la Calle ... [et al.] |
| 300 |
_a96 p. _c/ 26 cm. |
||
| 440 | _aMonografías Cimal ; 2 | ||
| 500 | _aTexto en francés, español e inglés \ Con el patronazgo del maestro venezolano Jesús Rafael Soto (q.e.p.d.) | ||
| 600 | 0 | 0 |
_aLINDSTROM, BENGT, 1925/ _xTRABAJOS PICTORICOS |
| 650 | 1 | 4 | _aARTE CONTEMPORANEO SUECO |
| 650 | 1 | 4 | _xCATALOGOS |
| 650 | 1 | 4 | _aPINTORES SUECOS |
| 650 | 1 | 4 | _aPINTURA SUECA |
| 700 | 1 | _aCalle, Román de la, tr. | |
| 999 |
_c6323 _d6323 |
||
| 260 |
_aValencia (España) : Cimal _c1983 |
||